Orlando Magic 2025-2026 Roster - Statistics

General Stats
  • This quiz has been taken 22 times
    14 since last reset
  • The average score is 13 of 17
Answer Stats
Jersey # Pos Answer % Correct
22 F Franz Wagner
100%
4 G Jalen Suggs
100%
5 F Paolo Banchero
100%
0 G Anthony Black
92%
2 G Jevon Carter
92%
21 F-C Moritz Wagner
92%
23 F Tristan da Silva
92%
34 C-F Wendell Carter Jr
92%
3 G Desmond Bane
83%
8 F Jamal Cain
75%
35 C-F Goga Bitadze
67%
11 G Jase Richardson
67%
1 F Jonathan Isaac
67%
93 G-F Noah Penda
58%
13 G Jett Howard
50%
14 C Colin Castleton
33%
7 C Orlando Robinson
33%
No matching quizzes found
Score Distribution
Percent of People with Each Score
Percentile by Number Answered
Your Score History
You have not taken this quiz since the last reset